LEADER 01710nam a2200349 4500 001 000000359280 003 CaOOAMICUS 005 20240807142656.0 008 240807s1723 it a 000 u ita r 026 $ea-i, o.a, e.e; AcEs (3) 1723 (R) 040 $aSeMil$bita 100 01$aHomerus,$d.$0(OLS)http://semarc/name/1139 240 10$aIlias.$0(OLS)http://semarc/title/445866 245 10$aIliade d'Omero tradotta dall'original greco in versi sciolti. 246 0 $iTitolo in occhietto$aIliade d'Omero 264 1$aIn Firenze :$bPer Gio. Gaetano Tartini, e Santi Franchi,$c1723. 300 $axi, [5], 759, [1] p. ;$c8° 500 $aSegn.: ?? §? A-3A? 3B? 500 $aIniziali e fregi xiligr. 500 $aNome del traduttore alla fine della dedica 500 $aRitr. calcogr. di Fulvio Orsini sul front. 650 4$aOmero . Iliade - Traduzioni.$0(OLS)http://semarc/subject/832 700 1 $aOrsini, Fulvio,$d<1529-1600>.$0(OLS)http://semarc/name/11625 700 1 $aSalvini, Antonio Maria,$d<1653-1729>.$0(OLS)http://semarc/name/2855 700 1 $aBiscioni, Antonio Maria.$0(OLS)http://semarc/name/2856 700 1 $aTartini, Giovanni Gaetano & Franchi, Santi,$c.$0(OLS)http://semarc/name/8052 850 $aSeMil 852 $aSeMil$W1$xVenegono$y1$m1M IV 27 FA$j250196$B250361$CSeMilBibl$Z2$F250361 $8I 996 $6246$aIliade d'Omero$9(OLS)http://semarc/title/449734 996 $6245$aIliade d'Omero tradotta dall'original greco in versi sciolti$9(OLS)http://semarc/title/449733 996 $6264$aIn Firenze :$bPer Gio. Gaetano Tartini, e Santi Franchi$9(OLS)http://semarc/publisher/61880 LEADER 00619naa a2200157 i 4500 001 000000317735 003 CaOOAMICUS 005 20180831173234.0 008 180831n it u000 u ita u 013 $a26956 040 $aSeMil$bita 100 1 $aSpreafico, Ambrogio,$d<1950- >.$0(OLS)http://semarc/name/18513 245 10$aGerusalemmme, cittą di pace e di giustizia. 650 4$aBibbia - Gerusalemme.$0(OLS)http://semarc/subject/15683 773 0 $tGerusalemme.$dBrescia : Paideia, 1982.$kAtti delle settimane bibliche$gp.81-98$w()58832 996 $6245$aGerusalemmme, cittą di pace e di giustizia$9(OLS)http://semarc/title/391660